000 00518nam a2200145 a 4500
008 120416s1997 ||||||||||||||||| || u
020 _a0821338919
050 _aIBRD(08)DP
100 _aGately, Dermot
245 1 4 _aThe demand for oil products in developing countries
260 _aWashington, D. C.
_bWorld Bank
_c1997
300 _axii, 88p. : ill.
350 _a0.00
995 _D0.00
_FCBU-MAIN LIBRARY (Kitwe)
_H1
_I0.00
_M1
_UAVAILABLE
_ZInternational Publications
999 _c39576
_d39576